000
00321nam a22001337a 4500
008
170921b xxu||||| |||| 00| 0 eng d
020
_a
039455101X
041
_a
eng
080
_a
7
100
_a
45
101
_a
ART
245
_a
AMERICAN FURNITURE IN THE METROPOLITAN MUSEUM OF ART
_c
HECKSCHER, M.H
942
_2
udc
_c
BK
999
_c
28638
_d
28638